| 000 | 00719nam a22002537a 4500 | ||
|---|---|---|---|
| 003 | UA-OsUOA | ||
| 001 | 37848 | ||
| 007 | ta | ||
| 008 | 20070524b un ||||| |||| 00| 0 ukr d | ||
| 100 | _aПолевий П. | ||
| 090 |
_a09.-82(091) _bП49 |
||
| 942 | _cBK | ||
| 040 |
_aUA-OsUOA _bukr _cUA-OsUOA _dUA-OsUOA |
||
| 245 |
_aИсторія русской литературы _bВ очерках и біографіях |
||
| 300 | _a288 с. | ||
| 955 | _a1 | ||
| 041 | _aukr | ||
| 080 | _a09.-82(091) | ||
| 260 |
_aСанкт-Петербург _c1883 |
||
| 246 | 3 | 1 |
_aЧ.І _nДревній період |
| 250 | _nВидання п'яте | ||
| 650 | 7 |
_a0 Загальний відділ. _2UDC |
|
| 999 |
_c436329 _d436329 |
||